Od manažmentu offline reputácie k manažmentu online reputácie podniku

Riadenie budovania reputácie na internete. Manažment offline reputácie podniku. Manažment online reputácie podniku. Úloha komunikácie v procese vytvárania a riadenia reputácie - dobrého mena - značky spoločnosti offline a online.

Enregistré dans:
Détails bibliographiques
Auteur principal: Grančičová, Katarína, 1967-
Format: Chapitre de livre
Langue:slovaque
Sujets:
Tags: Ajouter un tag
Pas de tags, Soyez le premier à ajouter un tag!

MARC

LEADER 00000nla a2200000 4500
001 0237801
005 20240502073839.1
041 0 |a slo 
044 |a SK 
245 1 0 |a Od manažmentu offline reputácie k manažmentu online reputácie podniku  |c Katarína Grančičová 
520 |a Riadenie budovania reputácie na internete. Manažment offline reputácie podniku. Manažment online reputácie podniku. Úloha komunikácie v procese vytvárania a riadenia reputácie - dobrého mena - značky spoločnosti offline a online. 
610 2 0 |a meno obchodné 
610 2 0 |a komunikácia manažérska 
610 2 0 |a manažment značky 
610 2 0 |a manažment informačný 
610 2 0 |a budovanie značky 
100 1 |a Grančičová, Katarína, 1967-